All Players Who had Touchdowns in Super Bowl 51 - Statistics

General Stats
  • This quiz has been taken 122 times
  • The average score is 5 of 8
Answer Stats
Team Position # Answer % Correct
Patriots Quarterback 2 Tom Brady
99%
Falcons Quarterback 2 Matt Ryan
96%
Patriots Runningback 3 James White
80%
Falcons Runningback 1 Devonta Freeman
73%
Patriots Wide Reciever 1 Danny Amendola
59%
Falcons Tight End 1 Austin Hooper
50%
Falcons Runningback 1 Tevin Coleman
44%
Falcons Cornerback 1 Robert Alford
33%
No matching quizzes found
Score Distribution
Percent of People with Each Score
Percentile by Number Answered
Your Score History
You have not taken this quiz